| 000 | 01090nam a22002057a 4500 | ||
|---|---|---|---|
| 999 |
_c56889 _d56889 |
||
| 003 | Ge_BSU | ||
| 005 | 20190612134955.0 | ||
| 008 | 190610b2019 ge ||||| |||| 00| 0 geo d | ||
| 020 | _a9789941481420 | ||
| 041 | _ageo | ||
| 080 | _a94(620)(092) ა-15 | ||
| 100 |
_aაბდ ალ-ჰამიდ შარაფი _92343 |
||
| 245 |
_aაღმოსავლეთ-დასავლეთის თოთხმეტსაუკუნოვანი ბრძოლა : ახალი ხედვა / _cშარაფი აბდ ალ-ჰამიდ ; არაბულიდან თარგმნა :დარეჯან გარდავაძემ: რედ.გოჩა ჯაფარიძე. . |
||
| 264 |
_aთბილისი : _bკლიო _c2019. |
||
| 300 |
_a230 გვ.: _bილ; _c20 სმ. |
||
| 653 | _aისტორია | ||
| 700 |
_aგარდავაძე,, დარეჯანი _eმთარგმნელი _92330 |
||
| 700 |
_aჯაფარიძე,გოჩა _eრედაქტორი _92331 |
||
| 942 |
_2udc _cBK |
||